| 000 | 00384nam a22001217a 4500 | ||
|---|---|---|---|
| 082 |
_a171.4 _bRUS |
||
| 100 | _aRussel, Bertrand | ||
| 245 |
_aThe Conquest of Happiness / _cBertrand Russel and Translated in Urdu By Muhammad Bashir |
||
| 260 |
_aRawalpindi : _bKandara Books, _c1999. |
||
| 300 |
_a200 p. ; _c22 cm. |
||
| 880 |
_6245-02\r _aتسخیرمسرت / |
||
| 942 |
_2ddc _cBK |
||
| 999 |
_c594548 _d594548 |
||